| 000 | 00351nam a2200133Ia 4500 | ||
|---|---|---|---|
| 008 | 150201s2005 xx 000 0 und d | ||
| 082 |
_a610 _bC05R |
||
| 100 | _aROSENDOREFF,CLIVE | ||
| 245 | _aESSENTIAL CARDIOLOGY PRINCIPLE AND PRACTICS | ||
| 250 | _a2ND | ||
| 260 |
_bHUMARA _aNEW JERSEY _c2005 |
||
| 650 | _aMEDICINE AND DIAGNOSIS | ||
| 942 |
_2ddc _cBK _01 |
||
| 999 |
_c825 _d825 |
||